Statistics for Sydney Light Rail Map Quiz

Click here to take the quiz!

General Stats

  • This quiz has been taken 228 times
  • The average score is 25 of 42

Answers on the Map

Answers color-coded by a green-red scale on the quiz's map according to % correct below.
 

Answer Stats

LineStop% Correct
L1Central
91%
L2Circular Quay
90%
L1Dulwich Hill
86%
L2Town Hall
85%
L2Randwick
82%
L2Wynyard
80%
L2Chinatown
78%
L2Haymarket
77%
L2QVB
75%
L2Moore Park
74%
L3Juniors Kingsford
70%
L3Kingsford
70%
L1Glebe
68%
L2Surry Hills
68%
L1The Star
68%
L1Lilyfield
63%
L2Central Chalmers Street
62%
L3Kensington
60%
L2Bridge Street
59%
L1Fish Market
59%
L2UNSW High Street
58%
L1Capitol Square
54%
L1Dulwich Grove
54%
L1Rozelle Bay
54%
L1Paddy's Market
53%
L1Convention Centre
49%
L1Lewisham West
49%
L2Royal Randwick
49%
L3UNSW Anzac Parade
48%
L3ES Marks
47%
L1Wentworth Park
47%
L1Exhibition Centre
46%
L1John Street Square
46%
L1Pyrmont Bay
46%
L1Arlington
42%
L1Marion
42%
L1Taverners Hill
42%
L1Jubilee Park
40%
L1Leichhardt North
40%
L1Hawthorne
38%
L2Wansey Road
36%
L1Waratah Mills
28%

Score Distribution

Percentile by Number Answered

Percent of People with Each Score

Your Score History

You have not taken this quiz